| 000 | 00541nam a22001937a 4500 | ||
|---|---|---|---|
| 003 | KOHA_MİRAKIL | ||
| 005 | 20241003053914.0 | ||
| 008 | 241002b2023 tu ||||| |||| 00| 0 tur d | ||
| 020 | _a9786052651148 | ||
| 040 |
_aTR-AnABB _btur _cTR-AnABB |
||
| 041 | _atur | ||
| 082 |
_a828.3354 _bHOF 2023 |
||
| 100 | 1 |
_aHoffman, Alice, 1952- _9876 |
|
| 245 | 1 | 0 |
_aGüvercinler / _cAlice Hoffman. |
| 260 |
_aİstanbul : _bİthaki Yayınları, _c2023. |
||
| 300 |
_a512 sayfa ; _c21 cm. |
||
| 650 |
_aAmerikan edebiyatı, roman _914 |
||
| 942 |
_2ddc _cBK |
||
| 999 |
_c7431 _d7431 |
||
| 900 | _bCan Çelik | ||